[Event "11th Asrian Memorial 2018"]
[Site "Jermuk"]
[Date "2018.06.22"]
[Round "2"]
[White "Jumabayev, Rinat"]
[Black "Tutisani, Noe"]
[Result "1-0"]
[WhiteElo "2594"]
[BlackElo "2469"]
[Annotator "TA"]
[PlyCount "115"]
[EventDate "2018.06.21"]
[EventCountry "ARM"]
[SourceTitle "playchess.com"]
[Source "ChessBase"]
[SourceQuality "1"]

{[%evp 19,115,73,96,73,64,63,64,67,68,56,68,53,76,76,76,76,76,68,69,62,72,63,83,75,76,76,76,76,76,76,76,65,60,60,61,67,69,62,78,47,83,0,0,0,0,-7,0,0,0,0,0,0,0,0,0,0,0,0,0,0,0,-8,-8,-8,-8,-8,0,0,320,249,8,8,3591,1992,887,590,6412,5941,5218,502,29972,29972,29973,29972,29972,29973,29973,29974,29974,29974,29974,29975,29975,29976,29975,29974,29973,29973]} 1. Nf3 Nf6 2. c4 g6 3. Nc3 Bg7 4. e4 O-O 5. d4 c5 6. d5 d6 7. h3 e6 8. Bd3 Na6 9. O-O Nc7 10. Re1 Rb8 {LiveBook: 44 Games} 11. Rb1 {E90: King's Indian: Classical: Early deviations and 6 h3} exd5 12. cxd5 $146 ({Predecessor:} 12. exd5 b5 13. b3 a6 14. Bf4 Nh5 15. Bg5 f6 16. Bd2 f5 17. a4 b4 18. Ne2 h6 {0-1 (36) Kalesis,N (2440)-Petrov,M (2441) Aghia Pelagia 2004}) 12... b5 13. a3 {White is slightly better.} Nd7 14. Bg5 f6 15. Be3 Ne5 16. Nxe5 fxe5 17. b4 c4 18. Bf1 Bd7 19. Qd2 a6 20. Rb2 {[%cal Bb1b2,Bb2a2,Ba2a6][%mdl 32]} Ne8 21. a4 Nf6 22. axb5 axb5 23. Ra1 Rf7 24. Rba2 Be8 25. Ra6 Rfb7 26. Be2 Bf8 27. f4 exf4 28. Bxf4 Rb6 $1 29. Bg5 Be7 30. e5 ({Better is} 30. Rxb6 $16 Qxb6+ 31. Kh1) 30... dxe5 $11 31. d6 Rxd6 32. Rxd6 Bxd6 33. Ra6 Bxb4 {[#] Threatens to win with ...Qd4+.} 34. Qxd8 Rxd8 35. Bxf6 Rd2 36. Na2 $1 Bc5+ 37. Kf1 Rd6 38. Rxd6 Bxd6 39. Nc3 Kf7 40. Ne4 Bc6 41. Nxd6+ Kxf6 42. Bf3 c3 43. Ne4+ $1 Bxe4 $4 {[%mdl 8192]} (43... Kg7 $11 {and Black is okay.} 44. Nxc3 Bxf3 45. gxf3 b4) 44. Bxe4 {[%mdl 4096] Endgame KB-KP} b4 45. Ke2 {White wants to play Kd3.} b3 $2 {[%mdl 8192] [#]} (45... Kg5 $11) 46. Bd5 $1 $18 {[%cal Rd5b3]} b2 47. Be4 Kg5 48. g3 {[%cal Bg2g3,Bg3g4][%mdl 32]} h5 49. Ke3 (49. Kf3 $142 Kf6 50. Ke2) 49... h4 (49... Kf6 $18 50. Bb1 g5) 50. g4 {White mates.} Kf6 51. Bc2 g5 52. Kd3 e4+ 53. Kxe4 Ke6 54. Kd4 Kd6 55. Bf5 ({Stronger than} 55. Kxc3 Ke5 $11) 55... Kc6 56. Kxc3 Kd5 57. Kd2 Kd4 58. Bd3 {Precision: White = 84%, Black = 64%.} 1-0

[Event "11th Asrian Memorial 2018"]
[Site "Jermuk"]
[Date "2018.06.22"]
[Round "2"]
[White "Bernadskiy, Vitaliy"]
[Black "Danielian, Elina"]
[Result "0-1"]
[WhiteElo "2586"]
[BlackElo "2412"]
[Annotator "TA"]
[PlyCount "100"]
[EventDate "2018.06.21"]
[EventCountry "ARM"]
[SourceTitle "playchess.com"]
[Source "ChessBase"]
[SourceQuality "1"]

{[%evp 12,100,36,30,51,52,72,18,63,61,58,52,63,60,55,62,71,71,60,32,22,20,32,27,49,9,12,8,11,0,9,8,56,57,62,-23,14,16,15,-40,4,-2,0,0,0,-130,-122,-118,-133,-154,-140,-212,-212,-232,-14,-14,-14,-9,-26,-172,-171,-187,-145,-168,-177,-181,-176,-209,-250,-1322,-275,-280,-257,-462,-389,-516,-487,-1375,-1363,-2760,-2704,-12841,-12830,-29991,-29989,-29989,-29990,-29990,-29991,-29996,-431]} 1. e4 c6 2. d4 d5 3. e5 Bf5 4. Nf3 e6 5. Be2 Nd7 6. O-O h6 7. a4 {LiveBook: 30 Games. B12: Caro-Kann: Advance Variation} a5 8. b3 Qc7 $146 ({Predecessor:} 8... Ne7 9. Na3 Nc8 10. c3 Be7 11. Ne1 c5 12. Nec2 Na7 13. Ne3 Be4 14. f3 Bh7 {½-½ (39) Moll,R (2622)-Wunderlich,H (2629) ICCF email 2013}) 9. c4 (9. Nh4 $16) 9... Bb4 10. cxd5 cxd5 11. Na3 Ne7 {[%cal Bg8e7,Be7c6,Bc6b4][%mdl 32]} 12. Nb5 Qb6 13. Ne1 Nc6 14. Nd3 O-O 15. Be3 Be7 16. Bg4 {Threatens to win with Bxf5.} Bh7 17. Rc1 Rac8 18. Nf4 {Strongly threatening Nxe6!} Nb4 19. Qf3 Rc6 20. Qh3 Kh8 21. Bd2 Bg5 22. Rcd1 Nb8 23. Nd6 (23. Nh5 $14) 23... Rxd6 ({Of course not} 23... Qxd4 $6 24. Nxe6 $1 {[%mdl 512]} fxe6 25. Bxg5 $16) 24. exd6 Qxd6 25. Qg3 (25. Ne2 $11) 25... Qd8 26. Nh5 N8c6 27. Bxg5 hxg5 28. Qc3 (28. f4 $1 $11) 28... f5 $1 $17 {[%cal Rf5g4]} 29. Be2 f4 $1 30. Bg4 g6 31. Ng3 (31. Nxf4 $17 {was necessary.} Rxf4 32. Bxe6) 31... fxg3 $19 32. fxg3 Rf5 $2 ({Better is} 32... Rxf1+ $19 33. Rxf1 Bg8) 33. Bxf5 $11 gxf5 {[%cal Bg6f5,Bf5f4][%mdl 32]} 34. Rfe1 Qf6 35. Qc5 {[#]} (35. Qe3 $11 {and White stays safe.}) 35... f4 $1 $19 36. Qd6 Nxd4 37. gxf4 gxf4 {[%cal Bg5f4,Bf4f3][%mdl 32]} 38. Re5 Nbc6 39. Rh5 f3 40. Qd7 $2 (40. g4 Kg8 41. Kf2) 40... Ne7 $2 (40... Ne2+ 41. Kf1 fxg2+ 42. Kxg2 Qg6+ 43. Kf2 Qxh5) 41. Qe8+ Ng8 42. Qd7 $2 {[#]} (42. Rf1 {is the only way for White.}) 42... Nh6 $1 43. Qc8+ Kg7 {aiming for ...Bc2.} 44. g4 (44. Qc7+ $142 Nf7 45. gxf3) 44... Qf4 45. Qd7+ Nf7 46. Kf2 Bc2 47. h4 Qh2+ {Black mates.} 48. Ke3 Qe2+ 49. Kxd4 Qxd1+ 50. Kc5 Qg1+ {Precision: White = 37%, Black = 54%.} 0-1

[Event "11th Asrian Memorial 2018"]
[Site "Jermuk"]
[Date "2018.06.22"]
[Round "2"]
[White "Erigaisi Arjun"]
[Black "Sasikiran, Krishnan"]
[Result "1/2-1/2"]
[WhiteElo "2505"]
[BlackElo "2666"]
[Annotator "TA"]
[PlyCount "50"]
[EventDate "2018.06.21"]
[EventCountry "ARM"]
[SourceTitle "playchess.com"]
[Source "ChessBase"]
[SourceQuality "1"]

{[%evp 24,50,22,13,29,23,15,7,19,9,7,0,46,39,51,34,53,27,25,22,31,22,37,29,26,31,30,22,18]} 1. d4 Nf6 2. c4 e6 3. Nf3 d5 4. Nc3 Bb4 5. Bg5 h6 6. Bxf6 Qxf6 7. e3 O-O 8. Rc1 c6 9. Bd3 Nd7 10. O-O Qe7 11. a3 Bxc3 12. Rxc3 dxc4 13. Bxc4 b6 $146 {D63: Damengambit (Hauptvariante mit 7.Tc1)} ({Vorgänger:} 13... e5 14. d5 cxd5 15. Bxd5 Nf6 16. e4 Rd8 17. Qb3 {½-½ (17) Polishchuk,O (2337)-Shkuran,D (2468) Stryi 2011}) 14. Bd3 c5 15. Bb5 Rd8 16. Bc6 Rb8 17. Qc2 Bb7 (17... Ba6 {seems wilder.} 18. Rc1 Rbc8 19. Qa4 cxd4 20. exd4 Nb8) 18. Bxb7 Rxb7 19. Rd1 Rbb8 20. h3 a5 21. Rb1 Qf6 22. dxc5 Nxc5 23. b4 axb4 24. axb4 Ne4 25. Rc6 Nd6 {Precision: Weiß = 35%, Schwarz = 96%.} 1/2-1/2

[Event "11th Asrian Memorial 2018"]
[Site "Jermuk"]
[Date "2018.06.22"]
[Round "2"]
[White "Sargsyan, Shant"]
[Black "Sethuraman, S P"]
[Result "0-1"]
[WhiteElo "2499"]
[BlackElo "2657"]
[Annotator "TA"]
[PlyCount "144"]
[EventDate "2018.06.21"]
[EventCountry "ARM"]
[SourceTitle "playchess.com"]
[Source "ChessBase"]
[SourceQuality "1"]

{[%evp 18,144,1,-10,11,20,20,20,32,26,43,43,43,17,20,0,12,5,55,21,39,35,31,30,82,-14,97,111,108,0,0,0,35,33,32,22,82,117,106,0,0,0,37,26,56,79,70,0,0,0,0,-73,-23,-18,0,-16,0,0,0,0,0,-31,-29,-77,-73,-77,-35,-75,-28,-61,-7,-66,-41,-24,0,-66,0,-15,0,0,0,0,0,0,0,0,0,0,0,0,0,0,0,0,0,-34,-33,-34,-45,-81,-15,-19,-29,-33,0,0,0,0,0,0,0,0,0,0,0,-56,-85,-92,-101,-126,-91,-126,-128,-12845,-12846,-12846,-12847,-29994,-29995]} 1. d4 e6 2. c4 f5 3. g3 Nf6 4. Bg2 d5 5. Nf3 Bd6 6. O-O O-O 7. b3 Ne4 {A90: Dutch Defence: Miscellaneous and Modern Stonewall (with ...Bd6)} 8. Ba3 b6 9. Qc1 Bb7 10. Bxd6 {LiveBook: 3 Games} Qxd6 $146 ({Predecessor:} 10... cxd6 11. cxd5 exd5 12. e3 g5 13. Nc3 Nd7 14. Qb2 f4 15. exf4 gxf4 {½-½ (70) Kamsky,G (2741)-Lou,Y (2484) Tromsoe 2013}) 11. Nc3 a6 12. Qb2 Nd7 13. Rac1 c5 14. Rfd1 Rac8 15. cxd5 exd5 16. dxc5 bxc5 17. e3 Rce8 18. Ne2 Ndf6 19. Nf4 Ng4 20. Rc2 a5 (20... g5 $11 {remains equal.} 21. Nd3 (21. Nh5 $2 Qh6 $19) 21... Rf7) 21. Qa3 (21. h4 $16) 21... Ra8 (21... g5 $11 22. Nxg5 Nxg5) 22. h3 $16 Ngf6 23. Nd3 ({White should play} 23. Nd2 $1 $16) 23... Ba6 $11 24. Qb2 Rfe8 25. Nf4 Bb7 26. Nd2 Qe7 (26... a4 $11) 27. Nxe4 $16 fxe4 28. Qa3 (28. h4 $16) 28... g5 $11 29. Ne2 Ba6 30. Nc3 Rad8 31. Na4 (31. Qxa5 Bd3 $15) 31... Bd3 32. Rc3 (32. Rcc1 $14) 32... d4 $1 {[%cal Rd4c3]} 33. Rxc5 Nd7 $36 {[%mdl 2048] Black fights for an advantage.} 34. exd4 (34. Qc1 $1 $11 {keeps the balance.}) 34... Nxc5 35. Qxc5 Qf6 36. Qxa5 Rxd4 37. Qe1 h6 38. Qe3 Rc8 $1 39. Nb2 {[%cal Rb2d3]} ({Avoid the trap} 39. Bxe4 $2 Bxe4 40. Re1 (40. Rxd4 $2 Qxd4 41. Nb2 Qxe3 $19) 40... Rc2 $19) 39... Rc2 40. Nxd3 exd3 ({Don't play} 40... Rxd3 41. Rxd3 exd3 42. Bd5+ Kg7 43. Qa7+ Kf8 44. Qb8+ Ke7 45. Qa7+ Kd6 46. Bc4 $11) 41. Bf3 d2 {[%mdl 1024] Black has strong compensation.} ({Much worse is} 41... Rxa2 $6 42. Rxd3 Rxd3 43. Qxd3 $14) 42. Kg2 Kg7 43. a4 Rd8 (43... Rd6 $1 $15) 44. Qa7+ ({White should try} 44. Qe2 $11) 44... Kf8 (44... Qf7 $5 {[%cal Rf7a7]} 45. Qe3 Qe8 $17) 45. Qa5 Kg7 {...Rf8 is the strong threat.} 46. Qa7+ $1 Kg8 (46... Qf7 $15 47. Qe3 Qe8) 47. Qa5 Kh8 48. Be4 Rc3 49. Qa7 {[%csl Ge4][%cal Ra7h7]} Kg8 50. Qh7+ Kf8 51. b4 Rc1 52. Bf3 $1 Rc3 53. Be4 Rc1 54. Bf3 $1 Rxd1 55. Bxd1 {[%mdl 4096] Endgame KQR-KQB} Qc6+ 56. Kh2 Rd7 57. Qh8+ Ke7 58. b5 Qc5 (58... Qf6 $17 59. Qh7+ Kd8 60. Qg8+ Kc7) 59. Kg2 Qd5+ 60. Kg1 Kd6 61. Qxh6+ Kc5 62. Qf8+ Rd6 63. Qc8+ Kb4 {aiming for ...Re6.} 64. Qc2 Qd4 65. Qb1+ Ka5 {( -> ...Rf6)} 66. b6 (66. Qb3 $1 $11) 66... Rxb6 67. Qf5+ {[#]} Kb4 $1 68. Qxg5 Kc3 {White must now prevent ...Rb1.} 69. Qa5+ {[#]} Kb2 $1 {Strongly threatening ...Rf6.} 70. Qf5 $2 {[%mdl 8192]} (70. Qa7 $17) 70... Rf6 $19 71. Qc2+ Ka1 72. Kh1 Rxf2 {Precision: White = 44%, Black = 50%.} 0-1

[Event "11th Asrian Memorial 2018"]
[Site "Jermuk"]
[Date "2018.06.22"]
[Round "2"]
[White "Pogonina, Natalija"]
[Black "Pashikian, Arman"]
[Result "1/2-1/2"]
[WhiteElo "2469"]
[BlackElo "2608"]
[Annotator "TA"]
[PlyCount "42"]
[EventDate "2018.06.21"]
[EventCountry "ARM"]
[SourceTitle "playchess.com"]
[Source "ChessBase"]
[SourceQuality "1"]

{[%evp 19,42,-4,-9,0,0,0,-12,0,0,-20,9,5,14,15,38,35,45,54,42,24,17,17,18,10,20]} 1. d4 {Roiz,M} Nf6 2. c4 e6 3. g3 d5 4. Bg2 Bb4+ 5. Bd2 Be7 6. Nf3 O-O 7. O-O Nbd7 {[%cal Bb8d7,Bd7b6,Bb6c4][%mdl 32]} 8. Qb3 {E11: Bogo-Indian} (8. b4 c6 9. a4 Bd6 10. Qc2 e5 11. cxd5 cxd5 12. dxe5 Nxe5 13. Bc3 Re8 14. Nbd2 Nxf3+ 15. Bxf3 Bh3 {½-½ (58) So,W (2778)-Karjakin,S (2782) Stavanger 2018}) 8... Nb6 9. c5 Nc4 10. Qc2 b6 {LiveBook: 5 Games} 11. c6 a5 12. b3 Nxd2 13. Nbxd2 {[#]} Ba6 $146 ({Predecessor:} 13... Qd6 14. e4 Nxe4 15. Nxe4 dxe4 16. Qxe4 {0-1 (43) Huhndorf,A (2296)-Roiz,M (2593) Biel 2005 CBM 107 Extra [Roiz,M]}) 14. Rfe1 a4 15. bxa4 Qd6 16. a3 Ra7 17. Ne5 Rfa8 18. a5 bxa5 19. e3 a4 20. Reb1 Qd8 21. Qc3 Bd6 {Precision: White = 71%, Black = 44%.} 1/2-1/2

[Event "11th Asrian Memorial 2018"]
[Site "Jermuk"]
[Date "2018.06.22"]
[Round "2"]
[White "Petrosyan, Tigran S"]
[Black "Andriasian, Zaven"]
[Result "1/2-1/2"]
[WhiteElo "2460"]
[BlackElo "2586"]
[Annotator "TA"]
[PlyCount "104"]
[EventDate "2018.06.21"]
[EventCountry "ARM"]
[SourceTitle "playchess.com"]
[Source "ChessBase"]
[SourceQuality "1"]

{[%evp 26,104,29,0,4,20,24,32,39,35,37,24,40,30,100,99,134,128,218,213,220,207,216,199,224,235,233,230,218,224,216,221,227,202,187,131,131,139,142,136,139,139,183,177,214,220,199,80,75,0,0,0,0,0,0,0,0,0,0,0,0,0,0,0,6,0,0,0,0,-3,2,0,18,18,18,20,25,29,33,18,21]} 1. Nf3 d5 2. d4 Nf6 3. c4 c6 4. Nc3 dxc4 5. a4 Bf5 6. e3 e6 7. Bxc4 Nbd7 8. O-O Bb4 9. Qe2 Bg6 10. e4 O-O 11. Bd3 Re8 12. e5 {D19: Slav Defence: 5 a4 Bf5 6 e3: Main line with 9 Qe2} Bxd3 13. Qxd3 Nd5 14. Nxd5 {LiveBook: 3 Games. White has an edge.} (14. Bd2 Be7 15. a5 c5 16. Nxd5 exd5 17. Qb5 Rb8 18. Bc3 a6 19. Qa4 Rc8 {½-½ (30) L'Ami,E (2613)-Andriasian,Z (2609) Groningen 2014}) 14... cxd5 15. Qb5 Qe7 16. Bg5 f6 17. exf6 gxf6 18. Bh4 a6 $1 {[%cal Ra6b5]} 19. Qxb7 Reb8 $146 (19... Ne5 $11 20. Qxe7 Nxf3+ 21. gxf3 Bxe7) ({Predecessor:} 19... Ne5 20. Qxe7 Nxf3+ 21. gxf3 Bxe7 {½-½ (31) Pinho Rego,P-Hausdorf,H (2234) ICCF email 2015}) 20. Qc7 $16 Bd6 21. Qc3 Rb4 {[#]} (21... Rb7 $16) 22. Ne5 $1 $18 {[%mdl 512]} Bxe5 23. dxe5 Rc4 24. exf6 Qf7 25. Qh3 Nxf6 26. b3 Rb4 27. Rac1 Nh5 28. Bg5 Qg6 29. Bd2 Rd4 30. Be3 (30. Qc3 $18 Rd3 31. Qb2) 30... Rd3 $16 31. Qh4 Rxb3 32. Rc7 Rf8 33. Rfc1 Rb1 34. h3 Rxc1+ 35. Bxc1 e5 36. Ba3 (36. Qe7 $18 {and White stays clearly on top.}) 36... Nf4 {[%csl Gf4][%cal Rg6g2] [#]} 37. Qg4 (37. Qxh7+ $1 $16 {[%mdl 512]} Qxh7 38. Rxh7) 37... Qxg4 $11 38. hxg4 {[%mdl 4096] Endgame KRB-KRN} Rb8 39. Bd6 Nd3 {White must now prevent ...Rb1+.} 40. f3 Rb6 41. Rd7 e4 42. fxe4 dxe4 {...e3 is the strong threat.} 43. Kf1 Rb2 {aiming for ...e3.} 44. Re7 Rf2+ 45. Kg1 Re2 46. g5 e3 47. Bg3 a5 48. Kf1 Rd2 49. Rxe3 Kf7 50. Bc7 Nc5 51. Bxa5 Ra2 52. Rf3+ Kg6 {Precision: White = 74%, Black = 63%.} 1/2-1/2

[Event "11th Asrian Memorial 2018"]
[Site "Jermuk"]
[Date "2018.06.22"]
[Round "2"]
[White "Rahul Srivatshav P"]
[Black "Martirosyan, Haik M"]
[Result "1/2-1/2"]
[WhiteElo "2397"]
[BlackElo "2572"]
[Annotator "TA"]
[PlyCount "76"]
[EventDate "2018.06.21"]
[EventCountry "ARM"]
[SourceTitle "playchess.com"]
[Source "ChessBase"]
[SourceQuality "1"]

{[%evp 25,76,28,41,10,18,18,16,7,23,24,27,38,91,86,158,157,126,142,150,129,142,155,134,150,141,150,157,151,210,198,208,189,207,193,187,164,173,166,211,202,214,213,216,214,245,244,228,229,237,204,212,203,199]} 1. d4 Nf6 2. c4 e6 3. Nc3 Bb4 4. e3 O-O 5. Bd2 d5 6. Nf3 b6 7. cxd5 exd5 8. Rc1 a6 9. Bd3 Bb7 10. O-O Bd6 11. Ne5 {E52: Nimzo-Indian: Rubinstein: 4...0-0 5 Nf3 d5 6 Bd3 b6} c5 12. f4 Nc6 13. Ng4 (13. Ne2 Ne7 14. Be1 Ne4 15. Ng3 cxd4 16. exd4 b5 17. Kh1 f6 18. Ng4 Qd7 {0-1 (38) Duda,J (2717)-Zhigalko,S (2641) Katowice 2017}) 13... Be7 {LiveBook: 3 Games} 14. Nxf6+ Bxf6 15. dxc5 bxc5 16. b3 Nb4 17. Bb1 d4 18. Na4 dxe3 $1 (18... Qd5 $2 19. e4 $18) 19. Bxe3 Nd5 $146 ({Black should try} 19... Re8 20. Bf2 (20. Bxc5 Qd5 $16) 20... Bc6) 20. Bxc5 $16 Re8 21. Qd3 $40 {[%csl Gb1][%cal Rd3h7][%mdl 128] White wants a kill.} g6 22. Qf3 $1 Nc3 23. Qxb7 {White is clearly better.} Ne2+ 24. Kh1 Nxc1 25. Rxc1 {Hoping for f5.} Qd2 26. Rg1 Bd4 {[#]} (26... Qxf4 $16 {might work better.} 27. Bd3 Rab8) 27. Bxd4 $1 $18 Qxd4 28. f5 a5 29. fxg6 hxg6 30. Qf3 Ra7 31. Qc3 Qh4 32. Nb6 {[%cal Ba4b6,Bb6d5,Bd5f4][%mdl 32] Threatens to win with Nd5.} Rae7 {aiming for ...Re1.} 33. Nd5 ({Don't go for} 33. Qxa5 $2 Qf2 $19) 33... Re5 34. Qf3 ({And not} 34. Qxa5 Qg5 $11) 34... Kg7 35. Rf1 f5 36. Nf4 Re3 {[#]} 37. Qb7+ $1 R8e7 38. Qb6 Re1 {Precision: White = 84%, Black = 65%.} 1/2-1/2

[Event "11th Asrian Memorial 2018"]
[Site "Jermuk"]
[Date "2018.06.23"]
[Round "3"]
[White "Sasikiran, Krishnan"]
[Black "Papin, Vasily"]
[Result "1-0"]
[WhiteElo "2666"]
[BlackElo "2490"]
[Annotator "TA"]
[PlyCount "115"]
[EventDate "2018.06.21"]
[EventCountry "ARM"]
[SourceTitle "playchess.com"]
[Source "ChessBase"]
[SourceQuality "1"]

{[%evp 21,115,28,35,27,33,24,33,30,62,60,76,78,85,68,81,82,91,0,126,118,111,104,154,121,125,120,128,136,161,168,227,224,224,224,224,224,339,217,340,263,236,45,37,0,0,0,33,40,84,87,99,99,116,115,109,115,134,141,166,166,185,185,216,187,194,206,245,249,250,250,247,243,278,279,366,366,1725,1625,1944,1682,12829,12829,12413,9239,6291,2087,12840,12840,12840,12840,12841,12840,12844,12844,12846,12847]} 1. e4 c5 2. Nf3 e6 3. d4 cxd4 4. Nxd4 Nc6 5. Nc3 a6 6. Be3 Nf6 7. Qd2 Bb4 {B46: Sicilian: Taimanov: 5 Nc3 a6} 8. f3 d5 9. O-O-O Qa5 10. Nb3 Bxc3 11. Nxa5 Bxd2+ {LiveBook: 9 Games} 12. Bxd2 dxe4 13. Nxc6 bxc6 14. Be2 {[#]} c5 $146 ({Predecessor:} 14... Bb7 15. Bb4 {½-½ (85) So,W (2731)-Ivanchuk,V (2753) Havana 2014}) 15. Be3 Bb7 16. Bxc5 exf3 17. gxf3 Nd5 18. Rd4 e5 19. Re1 ({Better is} 19. Rd2 $16) 19... O-O-O (19... exd4 $11 20. Bxa6+ Kd7 21. Bxb7 Rxa2) 20. Ra4 $16 Nc7 21. f4 e4 22. Bg4+ Kb8 23. Be7 Rd5 24. f5 ({Weaker is} 24. Rexe4 f5 $17) 24... h5 {White must now prevent ...Rd7.} 25. Bh3 Bc8 (25... f6 {keeps fighting.} 26. Raxe4 (26. Rexe4 Re8 $16) 26... Rd7) 26. Raxe4 Bxf5 27. Rb4+ Kc8 28. Bg2 $1 Rb5 (28... Re8 {is a better defense.} 29. Bxd5 Nxd5) 29. Rc4 {Hoping for Bd6.} Rb6 (29... Re8 $142 30. Bc6 Bd7 31. Bxb5 axb5) 30. Rd1 Bg4 31. Bd6 $2 (31. Rdd4 $18) 31... Bxd1 $14 32. Bxc7 Be2 {Threatens to win with ...Rg6.} 33. Rc3 Re6 (33... Rb4 {feels hotter.} 34. Bh3+ Kb7 35. Bg2+ Kc8) 34. Bd5 Kd7 35. Bxe6+ fxe6 $16 {[%mdl 4096] Endgame KRB-KRB} 36. Be5 Rf8 {[#]} 37. Rc7+ $1 Kd8 38. Rxg7 Rf5 39. Bg3 e5 40. Kd2 Bb5 41. b3 e4 42. Rg6 a5 43. Ke3 Rf3+ 44. Kxe4 Rc3 45. Rd6+ Kc8 46. Rd2 Be8 47. Kd4 Rf3 48. Rf2 Rxf2 $2 (48... Bc6 49. Rd2 Rf8) 49. Bxf2 $18 {KB-KB. White is clearly winning.} Bg6 50. c4 Bb1 51. a3 {[%cal Ba2a3,Ba3b4,Bb4b5][%mdl 32]} Kb7 52. Kc5 Ba2 53. b4 axb4 54. axb4 Bb3 {[#]} 55. b5 $1 Bd1 56. Kb4 Bf3 57. c5 {[%cal Bc4c5,Bc5c6][%mdl 32]} Bg2 58. c6+ {Precision: White = 79%, Black = 24%.} 1-0

[Event "11th Asrian Memorial 2018"]
[Site "Jermuk"]
[Date "2018.06.23"]
[Round "3"]
[White "Sethuraman, S. P."]
[Black "Petrosyan, Manuel"]
[Result "1/2-1/2"]
[WhiteElo "2657"]
[BlackElo "2551"]
[Annotator "TA"]
[PlyCount "47"]
[EventDate "2018.06.21"]
[EventCountry "ARM"]
[SourceTitle "playchess.com"]
[Source "ChessBase"]
[SourceQuality "1"]

{[%evp 12,47,14,0,24,27,34,0,22,3,27,3,3,-13,-12,0,-12,-21,0,-25,-27,0,0,0,0,0,0,0,0,0,0,0,0,0,0,0,0,0]} 1. e4 c6 2. d4 d5 3. e5 Bf5 4. Nd2 (4. Nf3 e6 5. Be2 Nd7 6. O-O Ne7 7. Nbd2 c5 8. dxc5 Nc6 9. Nb3 Bxc5 10. Nxc5 Nxc5 11. Nd4 Bg6 12. Nxc6 bxc6 13. Be3 Nd7 14. f4 c5 15. c4 d4 {0-1 (38) Vachier Lagrave,M (2789)-Mamedyarov,S (2808) Stavanger 2018}) 4... a6 5. Ngf3 e6 6. Nb3 {B12: Caro-Kann: Advance Variation} Nd7 7. Be3 {LiveBook: 26 Games} Bg6 (7... c5 $5) 8. Be2 {White has an edge.} Nh6 9. O-O Nf5 10. Bd2 $146 ({Predecessor:} 10. Bg5 Be7 11. Bxe7 Qxe7 12. h3 h5 13. g3 c5 14. c3 {0-1 (79) Erdogdu,M (2513)-Paikidze,N (2278) Ankara 2010}) 10... c5 11. c3 Rc8 12. g4 Nh4 13. Nxh4 Qxh4 14. f4 {With the idea f5.} Be4 15. Bf3 Bxf3 16. Qxf3 h5 {The position is equal.} 17. g5 Qg4+ $1 18. Qxg4 hxg4 19. f5 g6 20. fxe6 fxe6 21. Rf4 Be7 22. Rxg4 cxd4 23. cxd4 Rc2 24. Rb1 {Precision: White = 60%, Black = 84%.} 1/2-1/2

[Event "11th Asrian Memorial 2018"]
[Site "Jermuk"]
[Date "2018.06.23"]
[Round "3"]
[White "Pashikian, Arman"]
[Black "Petrosyan, Tigran S."]
[Result "1/2-1/2"]
[WhiteElo "2608"]
[BlackElo "2460"]
[Annotator "TA"]
[PlyCount "67"]
[EventDate "2018.06.21"]
[EventCountry "ARM"]
[SourceTitle "playchess.com"]
[Source "ChessBase"]
[SourceQuality "1"]

{[%evp 23,67,21,37,25,36,33,29,20,31,29,16,0,11,0,8,-10,27,18,12,10,4,-29,19,35,24,34,59,65,70,65,61,27,17,0,0,0,0,0,0,0,0,0,0,0,0,0]} 1. d4 d5 2. c4 c6 3. Nf3 Nf6 4. Nc3 e6 5. Bg5 Nbd7 6. e3 Qa5 7. Nd2 dxc4 8. Bxf6 Nxf6 9. Nxc4 Qc7 10. g3 Be7 11. Bg2 O-O {D52: Queen's Gambit Declined: Cambridge Springs Variation} 12. O-O Rd8 {LiveBook: 9 Games} 13. Qe2 Bd7 {[#] White has an edge.} 14. e4 $146 {[%cal Be3e4,Be4e5][%mdl 32]} ({Predecessor:} 14. Ne5 Be8 15. Nd3 Rac8 16. Ne4 {½-½ (16) Gareyev,T (2515)-Bruzon Batista,L (2650) Morelia 2006}) 14... b5 15. Ne3 Be8 16. e5 Nd5 17. Ncxd5 (17. Ne4 {with more complications.} Rac8 18. Rac1 Qb6 19. Rcd1 Nc7 20. Qd2) 17... cxd5 18. f4 {[%cal Bf2f4,Bf4f5,Bf5f6][%mdl 32]} Qb6 19. Rad1 b4 {And now ...Bb5 would win.} 20. Rf2 Rac8 21. f5 $36 {[%mdl 2048] White fights for an advantage.} Bg5 22. f6 Bb5 (22... Ba4 $5 {[%cal Ra4d1]} 23. b3 Bb5 $11) 23. Qf3 {[#] aiming for fxg7.} g6 $1 24. h4 Bxe3 25. Qxe3 {Qh6 would kill now.} Kh8 $1 26. Bf3 Rg8 27. Rdd2 Qa5 28. b3 {The position is equal.} Rc3 29. Qf4 Bd3 30. Kh2 Qc7 31. Be2 Be4 32. Bf3 Bd3 33. Be2 Be4 34. Bf3 {Precision: White = 55%, Black = 61%.} 1/2-1/2